[Event "Ile et Vilaine-chA 0001"]
[Site "Ile et Vilaine"]
[Date "2000.12.02"]
[Round "3"]
[White "Lemiere, Antoine"]
[Black "Hugg, Christophe"]
[Result "1-0"]
[WhiteElo "1370"]
[BlackElo "1520"]
[PlyCount "175"]
[EventDate "2000.10.21"]
[EventType "swiss"]
[EventRounds "7"]
[EventCountry "FRA"]
[SourceTitle "EXT 2007"]
[Source "ChessBase"]
[SourceDate "2006.11.23"]
[SourceVersion "1"]
[SourceVersionDate "2006.11.23"]
[SourceQuality "1"]

1. Nf3 d6 2. e4 e5 3. Nc3 Be6 4. d4 Nd7 5. h3 exd4 6. Nxd4 Qe7 7. Bd3 Ne5 8. Nxe6 Qxe6 9. 0-0 Nf6 10. f4 Nxd3 11. Qxd3 0-0-0 12. Be3 Kb8 13. Rad1 g6 14. e5 Ne8 15. Qe4 f5 16. exf6 Qxe4 17. Nxe4 d5 18. f7 Bg7 19. Ng5 Nf6 20. Ne6 Rd7 21. Bd4 Rxf7 22. Nxg7 Ne4 23. Ne6 Re8 24. Nc5 Ng3 25. Rf3 Ne2+ 26. Kh2 b6 27. Nb3 Rxf4 28. Rxf4 Nxf4 29. g3 Re2+ 30. Kh1 Nxh3 31. Nd2 c5 32. Bg1 Nxg1 33. Kxg1 Kc7 34. Kf1 Rh2 35. Ke1 Kd6 36. Rc1 Rh1+ 37. Nf1 Ke5 38. Rd1 Ke4 39. Ke2 Ke5 40. c3 c4 41. Rd4 Rh5 42. Kf3 Rf5+ 43. Rf4 d4 44. Rxf5+ gxf5 45. cxd4+ Kxd4 46. Ke2 a5 47. Ne3 b5 48. Nxf5+ Ke5 49. g4 Kf4 50. Ne3 Ke4 51. Kd2 Kd4 52. Nf5+ Ke5 53. Ke3 b4 54. Nd4 Kd5 55. Nf3 h6 56. g5 hxg5 57. Nxg5 a4 58. Nf3 b3 59. a3 c3 60. bxc3 Kc4 61. Kd2 b2 62. Kc2 b1Q+ 63. Kxb1 Kxc3 64. Ka2 Kc4 65. Kb2 Kd3 66. Ne5+ Kd4 67. Nd7 Kc4 68. Kc2 Kb5 69. Kc3 Kc6 70. Nf6 Kc5 71. Ng4 Kb5 72. Kd4 Ka5 73. Kc4 Kb6 74. Kb4 Kc6 75. Kxa4 Kc5 76. Ka5 Kc6 77. a4 Kc5 78. Ne3 Kc6 79. Ka6 Kc7 80. a5 Kc6 81. Nc2 Kc7 82. Kb5 Kb7 83. Na3 Ka7 84. a6 Kb8 85. Kb6 Ka8 86. Nb5 Kb8 87. Nc7 Kc8 88. a7 1-0